|
|
|
|
| LEADER |
01026nam a2200289 a 4500 |
| 001 |
000124327 |
| 003 |
CZ BrMZK |
| 005 |
20070131123326.0 |
| 008 |
010907s1996 xr f cze d |
| 015 |
|
|
|a cnb000206461
|
| 020 |
|
|
|a 80-85931-25-7
|
| 035 |
|
|
|a (OCoLC)38296270
|
| 040 |
|
|
|a BOA001
|b cze
|
| 080 |
9 |
|
|a 371.388:372.854(072)
|
| 080 |
9 |
|
|a 372.854:371.388(072)
|
| 100 |
1 |
|
|a Solárová, Marie,
|d 1950-
|7 ola20040618005
|4 aut
|
| 245 |
1 |
0 |
|a Chemické pokusy pro základní a střední školu /
|c Marie Solárová
|
| 260 |
|
|
|a Brno :
|b Paido,
|c 1996
|
| 300 |
|
|
|a 95 s. :
|b il. ;
|c 30 cm
|
| 490 |
1 |
|
|a Edice pedagogické literatury
|
| 504 |
|
|
|a Obsahuje bibliografii
|
| 653 |
0 |
|
|a chemické pokusy
|a chemie
|a střední školy
|a základní školy
|a školní pokusy
|
| 830 |
|
0 |
|a Edice pedagogické literatury
|
| 910 |
|
|
|a BOA001
|b PK-N-0032.876
|
| 964 |
|
|
|a Chemie
|x pokusy
|x příručky pro učitele
|
| 990 |
|
|
|a BK
|
| 996 |
7 |
|
|b 3119006409
|c PK-N-0032.876
|l MZK
|r Sklad / do 1 hodiny
|n 17
|p p.v.
|w 000124327
|u 000010
|a 1
|e BOA001
|j MZK50
|s A
|